000 00438nam a2200157 i 4500
001 114546
003 ES-MaACL
005 20230906190202.0
007 t|
008 070308q19701975ck |||| | spa d
100 1 _aQuintero de Fex, Teófilo.
_994724
245 1 0 _aCartagena de Indias
_b: cancionero /
_cT. Quintero de Fex.
260 _a[Bogotá :
_bTercer Mundo,
_c197-?]
300 _a61 p. ;
_c20 cm.
852 _aES-MaACL
_jC-56036
999 _c114546
_d114546